Top 100 Baby Boy Names in 2019 - Ireland - Statistics

General Stats
  • This quiz has been taken 1,578 times
  • The average score is 69 of 100
Answer Stats
Rank Hint Answer % Correct
2 J James
97%
1 J Jack
95%
30 J John
94%
5 D Daniel
91%
12 H Harry
90%
7 L Liam
88%
15 M Michael
88%
18 T Thomas
88%
41 D David
86%
3 N Noah
85%
24 O Oliver
85%
6 A Adam
84%
51 W William
83%
9 L Luke
82%
20 P Patrick
81%
23 S Seán
81%
14 A Alex
80%
10 C Charlie
80%
84 H Henry
80%
52 J Joseph
80%
27 M Matthew
80%
28 B Ben
79%
39 T Tom
79%
68 A Andrew
78%
96 J Josh
78%
43 O Oscar
78%
59 L Luca
77%
44 S Sam
77%
37 J Jacob
76%
83 C Christopher
75%
95 M Mark
75%
21 R Rían
75%
82 R Robert
75%
25 R Ryan
75%
22 F Finn
74%
31 L Leo
74%
33 A Aaron
73%
35 E Ethan
73%
55 L Lucas
73%
36 A Alexander
72%
62 N Nathan
72%
75 B Benjamin
71%
65 G George
71%
38 J Jake
71%
94 A Anthony
70%
4 C Conor
70%
54 J Joshua
70%
60 S Samuel
70%
19 J Jamie
69%
100 K Kevin
69%
89 E Edward
68%
99 Z Zach
68%
50 L Leon
67%
70 L Louis
67%
80 A Arthur
66%
45 C Callum
66%
26 D Dylan
66%
53 T Tommy
66%
48 A Aidan
65%
92 E Eli
65%
87 K Kyle
65%
13 O Oisín
65%
57 E Evan
64%
71 R Rory
64%
88 R Ruairí
64%
40 A Alfie
63%
47 O Ollie
63%
49 T Theo
63%
63 A Archie
62%
17 C Cillian
62%
85 F Frankie
62%
73 F Freddie
60%
90 I Isaac
60%
91 M Martin
60%
34 M Max
60%
8 T Tadhg
59%
32 C Cian
58%
86 D Dara
58%
11 D Darragh
58%
16 F Fionn
58%
66 J Jayden
58%
46 M Mason
58%
76 B Billy
57%
67 K Kai
57%
58 L Logan
57%
29 B Bobby
56%
69 D Danny
56%
79 R Ronan
55%
72 T Theodore
55%
97 J Joey
53%
78 M Muhammad
53%
93 O Odhran
53%
98 O Odhrán
53%
61 C Cathal
49%
81 K Kayden
48%
77 H Hugo
45%
64 S Shay
45%
56 D Donnacha
44%
42 S Senan
44%
74 A Aoin
38%
No matching quizzes found
Score Distribution
Percent of People with Each Score
Percentile by Number Answered
Your Score History
You have not taken this quiz